Medicine Through Time - Statistics

General Stats
  • This quiz has been taken 17 times
  • The average score is 6 of 17
Answer Stats
Dates Time Period Known For Stats/Key Facts Answer % Correct
1928 modern discovered penicillin killed bacteria in a lab accidentally Alexander Fleming
88%
1850s industrial improved hospital hygiene and nursing cut death rates from 40% to 2% Florence Nightingale
69%
C. 460-370 BC Ancient (influenced medieval) Theory of the four humours blood, phlegm, yellow bile, black bile Hippocrates
63%
1861 industrial Developed germ theory disproved spontaneous generation Louis Pasteur
63%
Early 1900s modern research into radiation and cancer treatment led to radiotherapy Marie Curie
63%
1796 industrial created first vaccine smallpox vaccine led to a major fall in deaths Edward Jenner
56%
C. 130-210AD Ancient (influenced medieval) Theory of opposites wrote over 300 books used in Europe Galen
56%
1867 industrial introduced antiseptic surgery infection rates in surgery fell Joseph Lister
44%
1854 industrial proved cholera spread by water removed pump and cases dropped John Snow
38%
1543 renaissance disproved Galen by human dissection proved jaw is one bone, published fabric of the human body Andreas Vesalius
19%
1628 renaissance discovered heart is a pump that circulates blood blood flows in a continuous circuit William Harvey
19%
1847 industrial discovered chloroform anaesthetic made surgery painless James Simpson
13%
1909 modern first ‘magic bullet drug’ (Salvarsan) treated syphillis Paul Ehrlich
13%
1870s-1880s industrial identified specific bacteria that caused disease found bacteria for TB and cholera Robert Koch
13%
1940s modern developed penicillin for mass use used widely in ww2 Florey + Chain
6%
1855 industrial provided care for soldiers in Crimean war funded her own hospital Mary Seacole
6%
1842 industrial report on poor sanitation led to public health act linked disease to filthy conditions Edwin Chadwick
0%
No matching quizzes found
Score Distribution
Percent of People with Each Score
Percentile by Number Answered
Your Score History
You have not taken this quiz